000 00664nam a2200229Ia 4500
003 OSt
005 20220925165351.0
006 a|||||r|||| 00| 0
007 ta
008 220923b |||||||| |||| 00| 0 eng d
037 _cGeneral Book
040 _aRTL
_cRTL
_beng
041 _2eng
_aeng
082 _aV937:190401:N3, G9;1
100 _aMilner I F G
_9233201
245 0 _aNew Zealand's interests and policies in far East
260 _aAmerica
_bHaddon Craftsmen
_c1939
300 _a131p
_ccm.
650 _aOther Countries
_9231018
942 _hV937:190401:N3, G9;1
_cGB
_2CC
999 _c477091
_d477091